| 000 | 00571naa a2200205 4500 | ||
|---|---|---|---|
| 001 | 145591 | ||
| 003 | ES-MaBCM | ||
| 005 | 20241016183812.0 | ||
| 008 | 070214s2007 esp|r0p 0 ||spa d | ||
| 021 | _axx | ||
| 035 | _a(OCoLC)1365194280 | ||
| 040 | _cES-MaBCM | ||
| 100 | 1 |
_aMonjib, Maâti _978655 |
|
| 245 | 0 | 0 |
_aEntrevista con Abdoulaye Kane _cMaâti Monjib |
| 650 | 1 | 7 |
_aEmigración _958521 |
| 651 | 1 | 4 |
_aSenegal _9115860 |
| 700 | 1 |
_aKane, Abdoulaye _978657 |
|
| 773 | 0 |
_aEn: _tAfkar / Ideas _dMadrid _gN. 12 (invierno 2006/2007), p. 52 _w105599 |
|
| 942 | _cAREV | ||
| 999 |
_c145591 _d145591 |
||